000 00329nam a2200133Ia 4500
008 240624s9999 xx 000 0 und d
041 _aeng
082 _a001.433 KIM
100 _aKIM JEONG HEE
245 _aUNDERSTANDING NARRATIVE INQUIRY
260 _c2016
_aNew Delhi
_bSage
300 _axx, 341 p.; 23 cm.
365 _c
_b32
999 _c30044
_d30044